| 000 | 01015nam a2200313 i 4500 | ||
|---|---|---|---|
| 001 | 018931940 | ||
| 003 | EG-ScBUE | ||
| 005 | 20230409113640.0 | ||
| 008 | 180615s2018 enka f b 000 0 eng d | ||
| 020 | _a9781350094833 | ||
| 040 |
_aStDuBDS _beng _erda _cStDuBDS _dEG-ScBUE |
||
| 082 | 0 | 4 |
_a746.92 _222 _bRIS |
| 100 | 1 |
_aRissanen, Timo, _eauthor. |
|
| 245 | 1 | 0 |
_aZero waste fashion design / _cTimo Rissanen, Holly McQuillan. |
| 264 | 1 |
_aLondon : _bBloomsbury Visual Arts, _c2018. |
|
| 300 |
_a223 pages : _billustrations (colour) ; _c27 cm |
||
| 336 |
_atext _2rdacontent _btxt |
||
| 336 |
_astill image _2rdacontent _btxt |
||
| 337 |
_aunmediated _2rdamedia _bn |
||
| 338 |
_avolume _2rdacarrier _bnc |
||
| 500 | _aOriginally published: 2016. | ||
| 504 | _aIncludes bibliographical references. | ||
| 650 | 7 |
_aFashion design. _2BUEsh |
|
| 650 | 7 |
_aClothing trade _xWaste minimization. _2BUEsh |
|
| 653 |
_bART _cApril2023 |
||
| 655 | _vReading book | ||
| 700 | 1 |
_aMcQuillan, Holly, _eauthor. |
|
| 942 |
_2ddc _cBB |
||
| 999 |
_c30300 _d30271 |
||